Where there is no silence : articulations of resistance to enslavement (Record no. 133)

MARC details
000 -LEADER
fixed length control field 00564nam a2200169Ia 4500
008 - FIXED-LENGTH DATA ELEMENTS--GENERAL INFORMATION
fixed length control field 240428s9999||||xx |||||||||||||| ||und||
020 ## - INTERNATIONAL STANDARD BOOK NUMBER
International Standard Book Number 9964950047
041 ## - LANGUAGE CODE
Language code of text/sound track or separate title eng
082 ## - DEWEY DECIMAL CLASSIFICATION NUMBER
Classification number 306.362 OP
100 ## - MAIN ENTRY--PERSONAL NAME
Personal name Naana J.S. Opoku-Agyemang.
245 #0 - TITLE STATEMENT
Title Where there is no silence : articulations of resistance to enslavement
260 ## - PUBLICATION, DISTRIBUTION, ETC.
Name of publisher, distributor, etc. Ghana Academy of Arts and Sciences
Place of publication, distribution, etc. Accra
Date of publication, distribution, etc. 2008
300 ## - PHYSICAL DESCRIPTION
Extent v, 61 p. : col. ill.
650 ## - SUBJECT ADDED ENTRY--TOPICAL TERM
Topical term or geographic name entry element Slavery -- Ghana -- History. - Historic site - Ghana - Slavery in Literature - Tourist trade- Ghana
942 ## - ADDED ENTRY ELEMENTS (KOHA)
Koha item type Inaugural Lecture
Holdings
Withdrawn status Lost status Damaged status Not for loan Home library Current library Shelving location Date acquired Total checkouts Full call number Date last seen Copy number Price effective from Koha item type
        Main Library Main Library Reference 05/08/2021   306.362 OP. C 29/04/2024 1 29/04/2024 Inaugural Lecture
©2026  Parliament of Ghana Library - All rights reserved